00535nam a2200181 a 450000100060000000300090000600800410001502000150005604000280007108200170009910000390011624500410015526000460019630000110024265000360025365000320028965000320032117060CO-ViMGA141112s2004 ck r 000 u spa d a9507246339 aCO-ViMGAbspacCO-ViMGA04a301.42 Q845t1 aQuintero Velasquez, Ángela Maria10aTrabajo social y procesos familiares aBuenos Aires (Argentina), cLumen, c1997 a187.p.14aFAMILIA - ASPECTOS PSICOLOGICOS14aFAMILIA - ASPECTOS SOCIALES14aFAMILIA - InvestigaciónES